Hiszpania - prawda czy fałsz? - Statystyki

Ogólne statystyki
  • Ten quiz został rozwiązany 3 243 razy
  • Średni wynik to 11 z 15
Statystyki odpowiedzi
Zagadnienie Odpowiedź % Poprawnych
Cały Półwysep Iberyjski należy do Hiszpanii Fałsz
92%
Miasto Nicea jest położone w Hiszpanii Fałsz
91%
Przez część XX wieku w Hiszpanii rządził dyktator Prawda
89%
Wyspy Kanaryjskie są bliżej kontynentu afrykańskiego, niż kontynentu europejskiego Prawda
89%
Hiszpania posiada króla Prawda
87%
Sycylijski jest oficjalnie uznanym językiem w Hiszpanii Fałsz
84%
Andaluzja to najbardziej wysunięta na południe hiszpańska wspólnota autonomiczna, leżącej w europejskiej części Hiszpanii Prawda
83%
Hiszpania posiada wyższy dochód na mieszkańca niż Wielka Brytania Fałsz
80%
Przeciętna hiszpańska kobieta rodzi więcej, niż troje dzieci Fałsz
79%
Najbardziej zaludnionym miastem w Hiszpanii jest Madryt Prawda
77%
Hiszpania posiada dostęp do Zatoki Biskajskiej Prawda
74%
Baskowie porozumiewają się językiem, który nie jest blisko spokrewniony z żadnym innym znanym językiem Prawda
69%
Hiszpania posiada mniejszą populację, niż Teksas Fałsz
56%
Hiszpania produkuje więcej oliwy z oliwek niż jakikolwiek inny kraj na świecie Prawda
56%
Potomkowie Krzysztofa Kolumba mają uprawnienie do niewielkiej emerytury państwowej w ramach królewskiego testamentu od królowej Izabeli w 1493 roku Fałsz
28%
Nie znaleziono quizów pasujących do podanych kryteriów
Rozkład punktacji
Procent ludzi z każdym wynikiem
Percentyl według liczby udzielonych odpowiedzi
Twoja historia wyników
Nie rozwiązałeś tego quizu